000 00565nam a2200181Ia 4500
005 20250326130813.0
008 250326s9999 xx 000 0 und d
037 _aTextbook
040 _aFMSL
_beng
_cFMSL
041 _aeng
_2eng
084 _aX:8D.1 P8
_qFMSL
100 _aSaccomanni F
_9741406
245 0 _aManaging international ficial instability: national tamers versus global tigers
_cSaccomanni F
260 _aUnited Kingdom
_bUnited Kingdom, Edward Elgar
_c2008
300 _a284p
942 _cTB
_hX:8D.1 P8
999 _c1284188
_d1284188